| 000 | 00765nam a22001697a 4500 | ||
|---|---|---|---|
| 008 | 110519s2009 ua|||||r|||| 000 0 ara d | ||
| 020 | _a9789770925247 | ||
| 082 |
_222 _a301.110285 _bب س ي |
||
| 100 |
_924006 _aالبسيوني، محمد علي |
||
| 245 |
_aدولة الfacebook / _cإعداد وتحرير محمد علي البسيوني |
||
| 260 |
_aالقاهرة : _bدار الشروق، 2009 _c2009 |
||
| 300 |
_a326 ص ؛ _c20 سم |
||
| 650 |
_923867 _aالعلاقات الاجتماعية |
||
| 653 |
_bGeneral _cMay2011 |
||
| 942 |
_2ddc _cBB |
||
| 999 |
_c15354 _d15354 |
||